| 000 | 00582nam a2200205Ia 4500 | ||
|---|---|---|---|
| 001 | 16784 | ||
| 003 | GE_BSU | ||
| 008 | 181216s||||||||xx |||||||||||||| ||und|| | ||
| 040 | _cGE_BSU | ||
| 080 | _a821.353.1-1 | ||
| 100 | _aთომაშვილი, დომენტი | ||
| 245 | _aლექსები | ||
| 245 | _cრედ.ილ.ხოშტარია | ||
| 260 | _aთბილისი | ||
| 260 | _bსახელგამი | ||
| 260 | _c1953 | ||
| 300 | _a178გვ. : 1ფ. პორტრ. ; 20სმ | ||
| 653 | _aლექსები | ||
| 942 | _cBK | ||
| 999 |
_c49849 _d49849 |
||